000 00482nam a2200169Ia 4500
008 151021s9999 xx 000 0 und d
020 _a9.7803939289e+012
050 _aMT90 .M23 2007
245 _a_The enjoyment of Music Kristine Forney
260 _aNew York W.W.Norton & company 2007
300 _axxxvii,470p.;ill
500 _aIncludes index.
500 _aIncludes index.
650 _a_Music
700 _a_Joseph Machlis
980 _a^d20130604 04:43:32^oanne
999 _c14035
_d14035